|
|
|
|
| LEADER |
01782nam a22003017a 4500 |
| 001 |
35450 |
| 003 |
BD-DhAAL |
| 005 |
20250622154253.0 |
| 008 |
211026t bg a|||| b||| 00| 0 ben d |
| 020 |
|
|
|a 9840501933
|
| 040 |
|
|
|a BD-DhAAL
|d BD-DhAAL
|
| 041 |
|
|
|a ben
|
| 082 |
|
|
|a 954.9205
|2 22
|
| 100 |
|
|
|a জেকব, জে এফ আর.
|9 42215
|
| 245 |
|
|
|a সারেন্ডার অ্যাট ঢাকা :
|b একটি জাতির জন্ম /
|c জে এফ আর জেকব; অনূদিত আনিসুর রহমান মাহমুদ.
|
| 246 |
|
|
|a Surrender at Dhaka :
|b ekti jatir janmo
|
| 260 |
|
|
|a ঢাকা :
|b দি ইউনিভার্সিটি প্রেস লিমিটেড,
|c ২০০৫ [তৃতীয় মুদ্রণ].
|
| 300 |
|
|
|a xi, ২২৯ পৃষ্ঠা :
|b চিত্র ;
|c ২২ সে.মি.
|
| 504 |
|
|
|a গ্রন্থপঞ্জিগত নির্দেশিকা অন্তভূক্ত।
|
| 526 |
|
|
|a BIED
|
| 541 |
|
|
|a Complimentary copy from BIED
|e 35450, 35451
|
| 651 |
|
|
|a Bangladesh
|x History
|y Revolution, 1971.
|9 42216
|
| 700 |
|
|
|a মাহমুদ, আনিসুর রহমান.
|9 42217
|
| 852 |
|
|
|a Ayesha Abed Library
|c BIED Collection
|
| 942 |
|
|
|2 ddc
|c BK
|
| 999 |
|
|
|c 43270
|d 43270
|
| 952 |
|
|
|0 0
|1 0
|2 ddc
|4 0
|6 954_920500000000000_JAC
|7 0
|9 69420
|a BRACUL
|b BRACUL
|c GEN
|d 2021-10-26
|e Complimentary copy from BIED
|l 0
|o 954.9205 JAC
|p 3010035450
|r 2021-10-26
|t 1
|w 2021-10-26
|y BK
|x Transferred from BIED to General Stacks
|
| 952 |
|
|
|0 0
|1 0
|2 ddc
|4 0
|6 954_920500000000000_JAC
|7 0
|9 69474
|a BRACUL
|b BRACUL
|c GEN
|d 2021-11-01
|e Complimentary copy from BIED
|l 1
|m 3
|o 954.9205 JAC
|p 3010035451
|r 2025-08-03
|s 2025-07-07
|t 2
|w 2021-11-01
|y BK
|x Transferred from BIED to General Stacks
|